South American and Oceanian Countries from Turkish to English - Statistics

General Stats
  • This quiz has been taken 89 times
  • The average score is 12 of 13
Answer Stats
Türkçe English % Correct
Arjantin Argentina
100%
Bolivya Bolivia
100%
Kolombiya Colombia
100%
Brezilya Brazil
99%
Ekvador Ecuador
96%
Surinam Suriname
96%
Avustralya Australia
95%
Şili Chile
93%
Papua Yeni Gine Papua New Guinea
93%
Yeni Zelanda New Zealand
91%
Mikronezya Federal Devletleri Federated States of Micronesia
90%
Marshall Adaları Marshall Islands
89%
Solomon Adaları Solomon Islands
89%
No matching quizzes found
Score Distribution
Percent of People with Each Score
Percentile by Number Answered
Your Score History
You have not taken this quiz